| 000 | 00595nam a2200181Ia 4500 | ||
|---|---|---|---|
| 008 | 090630s9999 xx 000 0 und d | ||
| 082 | _b16301 | ||
| 100 | _aराजपूत रघुवीरसिंह. | ||
| 245 |
_aइज्जत. _cराजपूत रघुवीरसिंह. |
||
| 260 | _bमंगेश. | ||
| 300 | _a0 | ||
| 600 | _aराजपूत रघुवीरसिंह. | ||
| 630 | _aइज्जत. | ||
| 655 | _aकादंबरी. | ||
| 700 | _aराजपूत रघुवीरसिंह. | ||
| 730 | _aइज्जत. | ||
| 942 | _cBOOK | ||
| 999 |
_c268157 _d268157 |
||